EA FC25 Future Stars - Statistics

General Stats
  • This quiz has been taken 18 times
  • The average score is 18 of 50
Answer Stats
Rate Club Nation Gender Answer % Correct
94 Barcelona Spain Male Lamine Yamal
100%
93 Real Madrid Brazil Male Endrick
81%
91 PSG Portugal Male Joao Neves
69%
91 Man United France Male Leny Yoro
69%
92 Man United Ivory Coast Male Amad Diallo
63%
91 Leipzig Slovenia Male Benjamin Sesko
63%
91 Dortmund England Male Jamie Gittens
63%
90 Juventus Turkey Male Kenan Yildiz
63%
92 PSG France Male Bradley Barcola
56%
88 Liverpool Northern Ireland Male Conor Bradley
50%
90 PSG Brazil Male Lucas Beraldo
50%
89 Bournemouth Hungary Male Milos Kerkez
50%
88 Nottingham Brazil Male Murillo
50%
90 Barcelona Spain Male Pau Cubarsi
50%
89 Bayern Germany Male Aleksandar Pavlovic
44%
89 Leverkusen Ecuador Male Piero Hincapie
44%
89 Chelsea Belgium Male Romeo Lavia
44%
89 Milan Mexico Male Santiago Gimenez
44%
88 Man City Uzbekistan Male Abdukodir Khusanov
38%
89 Frankfurt France Male Hugo Ekitike
38%
88 Wolves Brazil Male Joao Gomes
38%
91 Real Madrid Colombia Female Linda Caicedo
38%
87 Milan Germany Male Malick Thiaw
38%
90 Man City Australia Female Mary Fowler
38%
90 Aston Villa England Male Morgan Rogers
38%
89 Ajax Netherlands Male Kenneth Taylor
31%
88 Arsenal Australia Female Kyra Cooney-Cross
31%
87 Spurs Sweden Male Lucas Bergvall
31%
88 Atalanta Italy Male Giorgio Scalvini
25%
87 Frankfurt Sweden Male Hugo Larsson
25%
88 Torino Serbia Male Ivan Ilic
25%
87 PSV Belgium Male Johan Bakayoko
25%
87 Villarreal Spain Male Alex Baena
19%
87 Strasbourg Brazil Male Andrey Santos
19%
87 Leicester City Morocco Male Bilal El Khannouss
19%
88 Barcelona Spain Female Cata Coll
19%
87 Frankfurt France Male Elye Wahi
19%
89 Lyon Haiti Female Melchie Dumornay
19%
89 Girona Spain Male Miguel Gutierrez
19%
87 Toulouse England Male Charlie Cresswell
13%
89 Washington USA Female Croix Bethune
13%
87 Man United Norway Female Elisabeth Terland
13%
89 Angel City France Female Julie Dufour
13%
88 Lille France Male Lucas Chevalier
13%
88 Chelsea France Female Oriane Jean-Francois
13%
87 Aston Villa Spain Female Paula Tomas
13%
89 Washington Ivory Coast Female Rosemonde Kouassi
13%
87 Wolfsburg Iceland Female Sveindis Jonsdottir
13%
88 Man City England Female Jess Park
6%
87 Paris FC France Female Kessya Bussy
6%
No matching quizzes found
Score Distribution
Percent of People with Each Score
Percentile by Number Answered
Your Score History
You have not taken this quiz